00575nam a2200169Ia 450000100060000000300070000600800410001302000150005404000110006908000150008024500980009524500680019326000110026126000200027230000150029265300980030714551GE_BSU181216s||||||||xx |||||||||||||| ||und|| a0340191848 cGE_BSU a821.111-31 aCondensed Books: Vet in Harness, Lion in the Evening, the Frost and the Fire, the Dogs of War cJames Herriot.Alan Scholefield. Ruth Park And Frederick Forsyth aLondon bReader's digest a542p.20cm. aCondensed Books: Vet in Harness, Lion in the Evening, the Frost and the Fire, the Dogs of War